| 000 | 00365nam a2200145 a 4500 | ||
|---|---|---|---|
| 005 | 20140412111331.0 | ||
| 008 | 030212s19uu xx 00 eng d | ||
| 050 |
_aER _bAn54 |
||
| 245 | _aAnimal friends. | ||
| 260 |
_aU. S. A : _bThe Walt Disney Company. |
||
| 300 | _a1 v. (unp.) ; ill. | ||
| 440 | _aDisney Babies | ||
| 650 | _aPets--Fiction | ||
| 999 |
_c104931 _d104931 |
||